000 00986nac a22002531u 4500
010 _a 96208111
020 _a0415079985
020 _a0415079993 (pbk.)
035 _a(OCoLC)35596876
082 _a323.0870941
_bRUS
090 _c7600
_d7600
100 _aCampbell, Jane,
245 1 0 _aDisability politics :
_bunderstanding our past, changing our future /
_cJane Campbell and Mike Oliver.
260 _aLondon ;
_aNew York :
_bRoutledge,1996
_c1996.
300 _axv, 223 p. ;
_c23 cm.
500 _adistributer: Al-Ahram
504 _aIncludes bibliographical references (p. [210]-212) and index.
511 _acatalogued by: wessam
610 2 0 _aBritish Council of Disabled People.
650 0 _aPeople with disabilities
_zGreat Britain
_xPolitical activity.
700 1 _aOliver, Michael,
_d1945-
856 4 2 _3Publisher description
_uhttp://www.loc.gov/catdir/enhancements/fy0648/96208111-d.html
942 _cBB
_k323.0870941 RUS
999 _c7600
_d7600